[Event "BEL-ch op"]
[Site "Niel"]
[Date "2017.07.07"]
[Round "7"]
[White "Huynh, Laurent"]
[Black "Ghyselen, Tim"]
[Result "1/2-1/2"]
[WhiteElo "2063"]
[BlackElo "1695"]
[PlyCount "109"]
[EventDate "2017.07.01"]
[EventType "swiss"]
[EventRounds "9"]
[EventCountry "BEL"]
[SourceTitle "EXT 2018"]
[Source "ChessBase"]
[SourceDate "2017.10.13"]
[SourceVersion "1"]
[SourceVersionDate "2017.10.13"]
[SourceQuality "1"]

1. e4 c5 2. c4 Nc6 3. Nc3 d6 4. g3 g6 5. Bg2 Bg7 6. Nge2 e5 7. 0-0 Nge7 8. Rb1 0-0 9. a3 a5 10. d3 h6 11. Bd2 f5 12. Nb5 g5 13. Nec3 f4 14. g4 Ng6 15. Nd5 Nd4 16. Nxd4 exd4 17. f3 a4 18. b4 Ne5 19. bxc5 dxc5 20. Nb6 Ra6 21. Nxc8 Qxc8 22. Qc2 Bf6 23. Kf2 Bd8 24. Rb5 b6 25. Rfb1 Rf7 26. h3 Raa7 27. Bf1 Qa6 28. Be2 Rfb7 29. Bd1 Nf7 30. Be1 Nd6 31. Kg2 Re7 32. R5b2 Qc8 33. Qc1 Qc6 34. Bf2 Reb7 35. Be1 Kg7 36. Bd2 Kf6 37. e5+ Kxe5 38. Bxf4+ Kf6 39. Bg3 Re7 40. Kg1 Re3 41. Be2 Rae7 42. Qd1 Nf7 43. Bf2 Qd6 44. Bf1 R3e6 45. Qxa4 Bc7 46. Bg2 Qf4 47. Qd1 Nh8 48. Qd2 Qh2+ 49. Kf1 Ng6 50. Bg1 Qe5 51. Bf2 Qh2 52. Bg1 Qe5 53. Bf2 Qh2 54. Re1 Nf4 55. Bg1 1/2-1/2

[Event "BEL-ch U16"]
[Site "Blankenberge"]
[Date "2015.04.14"]
[Round "4"]
[White "Ghyselen, Tim"]
[Black "Verboven, Arnout"]
[Result "1/2-1/2"]
[WhiteElo "1628"]
[BlackElo "1525"]
[PlyCount "49"]
[EventDate "2015.04.12"]
[EventType "swiss"]
[EventRounds "9"]
[EventCountry "BEL"]
[SourceTitle "CBM 166 Extra"]
[Source "ChessBase"]
[SourceDate "2015.06.18"]
[SourceVersion "1"]
[SourceVersionDate "2015.06.18"]
[SourceQuality "1"]

1. e4 e5 2. Nf3 Nf6 3. Nc3 Bb4 4. Nd5 Nxd5 5. exd5 d6 6. Bb5+ c6 7. dxc6 Nxc6 8. 0-0 0-0 9. c3 Ba5 10. d4 e4 11. Ne1 d5 12. Bf4 Re8 13. Rb1 Bf5 14. Nc2 a6 15. Ba4 Bc7 16. Bxc7 Qxc7 17. Ne3 Be6 18. f4 f5 19. Qh5 Qf7 20. Qg5 h6 21. Qh4 Rac8 22. Rfd1 b5 23. Bc2 Na5 24. Rdc1 Bd7 25. Bd1 1/2-1/2

[Event "BEL-ch U14"]
[Site "Blankenberge"]
[Date "2014.04.18"]
[Round "8"]
[White "De Coninck, Erik"]
[Black "Ghyselen, Tim"]
[Result "0-1"]
[WhiteElo "1637"]
[BlackElo "1295"]
[PlyCount "86"]
[EventDate "2014.04.??"]
[EventType "swiss"]
[EventRounds "9"]
[EventCountry "BEL"]
[SourceTitle "EXT 2015"]
[Source "ChessBase"]
[SourceDate "2014.11.20"]
[SourceVersion "1"]
[SourceVersionDate "2014.11.20"]
[SourceQuality "1"]

1. d4 d5 2. Nf3 Nf6 3. Bf4 Nc6 4. c3 Bf5 5. e3 e6 6. a3 Bd6 7. Bg3 0-0 8. c4 Ne7 9. cxd5 exd5 10. Nc3 Re8 11. Be2 Ng6 12. b4 a6 13. Qb3 Ne4 14. Nxd5 Bxg3 15. hxg3 Be6 16. Bc4 b5 17. Bd3 Bxd5 18. Qc2 Re6 19. Rc1 Rc6 20. Qb1 Rxc1+ 21. Qxc1 Rc8 22. Qc2 Qe7 23. Rh5 Bb7 24. Ne5 Nf6 25. Nxg6 hxg6 26. Re5 Qd7 27. Kf1 Qc6 28. Qxc6 Bxc6 29. Rc5 Bd5 30. g4 c6 31. f3 Nd7 32. Rc1 Nb6 33. e4 Bc4 34. Ke2 Rd8 35. Ke3 f6 36. f4 Kf7 37. e5 Rc8 38. Be4 Bd5 39. e6+ Bxe6 40. Bxc6 Nc4+ 41. Ke4 Rxc6 42. d5 Nd6+ 43. Kd4 Rxc1 0-1